MARC

LEADER 00000nam0a2200000 4500
001 357368
005 20231102011002.0
035 |a (RuTPU)RU\TPU\retro\14636 
090 |a 357368 
100 |a 20200805d1978 km y0rusy50 ca 
101 0 |a rus 
102 |a RU 
105 |a a z 001zy 
200 1 |a Системы и средства управления  |e межвузовский сборник научных трудов  |f Пермский политехнический институт ; под ред. М. С. Мхитарова 
210 |a Пермь  |c Изд-во ППИ  |d 1978 
215 |a 155 с.  |c ил. 
320 |a Библиогр. в конце ст. 
606 1 |a Автоматические системы управления  |2 stltpush  |3 (RuTPU)RU\TPU\subj\813  |9 29619 
610 1 |a средства управления 
610 1 |a эргатические системы 
610 1 |a научные исследования 
610 1 |a вычислительная техника 
610 1 |a применение 
610 1 |a анализ 
610 1 |a синтез 
610 1 |a диалоговые системы 
610 1 |a проектирование 
610 1 |a технические средства 
675 |a 681.51  |v 4 
702 1 |a Мхитаров  |b М. С.  |4 340 
712 0 2 |a Пермский политехнический институт  |c (1960-1992)  |2 stltpush  |3 (RuTPU)RU\TPU\col\7911  |9 24415 
801 1 |a RU  |b 63413507  |c 20200805 
801 2 |a RU  |b 63413507  |c 20210219  |g RCR 
942 |c BK